Staaten mit nur einem Nachbarland - Statistiken

Allgemein
  • Dieses Quiz wurde 116 mal gespielt
    82 seit der letzten Aktualisierung
  • Das Durchschnittsergebnis liegt bei 13 aus 17
Antwortstatistiken
Antwort % Korrekt
San Marino
96%
Vatikanstadt
94%
Irland
93%
Kanada
89%
Lesotho
89%
Südkorea
86%
Haiti
84%
Monaco
84%
Portugal
84%
Dominikanische Republik
76%
Dänemark
71%
Katar
70%
Vereinigtes Königreich
70%
Gambia
67%
Papua Neu Guinea
67%
Ost Timor
64%
Brunei
61%
Keine übereinstimmenden Quizze gefunden
Verteilung der Resultate
Anzahl Personen mit jedem Resultat
Perzentil nach korrekt beantworteten Fragen
Ihre Resultats-Entwicklung
Sie haben dieses Quiz seit der letzten Aktualisierung nicht gespielt